00264 a2200109 450000100060000008200150000610000300002124500340005126000380008530000140012350000170013792068 a297.18 ARS aMolana Arsalan Bin Akhtar aDilchasp Sabaq Aamoze Waqeaat aKarachibZam Zam Publishersc2013 a200p.bHb aGeneral Book